Quizzes
Events
Quiz Creation
Community
Videos
Private Events
Remove Ads
Sign In
Join for FREE
Feedback
Dark Mode
Quiz Categories
Sports
Geography
Music
Movies
Television
Just For Fun
Miscellaneous
History
Literature
Language
Science
Gaming
Entertainment
Religion
Holiday
For Kids
Quiz Lab
Recent
Popular Today
Quiz Kudos Today
Editor Picks
Curator Picks
Quizzes by...
Day
Popularity
Type
Ratings
Length
Year
Community
Subscriptions
Recent Discussions
Orange Saloon
Badges
Playlists
Quests
Create
Leaderboards
Showdown
Live 5
Trivia Bingo
Activity
Puzzle Library
Sporcle Events
Private Events
Virtual Trivia
Globe League
Become a Host
Pub Owners
SporcleCon
Opinionation
Our Games
Videos
Blog
Mobile Apps
Partnerships
Remove Ads and Go Orange
Feedback
Music
Pop Music
The Beatles
Song
Album
Lyrics
Bands
Singers
Artist
Clip
Rock
Rap
Classical
Billboard
Country Music
Kpop
Taylor Swift
Music
Pop Music
The Beatles
Song
Album
Lyrics
Bands
Singers
Artist
Clip
Rock
Rap
Classical
Billboard
Country Music
Kpop
Taylor Swift
Random Quiz
Search Sporcle
×
Quiz Lab
Quiz Lab
Music
Baby
Type in answers that appear in a list
Type in answers that appear in a list
Classic
Best Score? Go Orange.
Music for baby boomers Stats
Can you name the music for baby boomers?
By
zeller
5m
20 Questions
124 Plays
124 Plays
124 Plays
Comments
Comments
Give Quiz Kudos
Give Quiz Kudos
-
- Ratings
hide this ad
More Info
Replay
Link that replays current quiz
Next Quiz
Link to next quiz in quiz playlist
You Got
0%
They Got
Avg Score
45%
Avg Friend Score
Upgrade to see
Score Distribution
Jump to the score distribution portion of the page
Score
0/20
Timer
05:00
0
Plays Today
Question
Answer
% Correct
'Rock Around the Clock' was a hit for Bill Haley and his ... what?
Comets
89.5%
Simon and Garfunkel's song 'Mrs Robinson' featured in what 1967 film?
The Graduate
83.9%
Whose band was the 'Tijuana Brass'?
Herb Alpert
79%
What record label did the Beatles establish?
Apple
75%
'The Crickets' backed which famous singer-
songwriter?
Buddy Holly
63.7%
What Canadian-
born teen idol of the 1950s-
60s wrote the lyrics to Sinatra's song 'My Way'?
Paul Anka
59.7%
Who managed the Beatles' prior to his death in 1967?
Brian Epstein
58.9%
Which Rolling Stones guitarist died in a swimming pool in 1969?
Brian Jones
51.6%
Which piano-
playing singer's first hit was 'The Fat Man'?
Fats Domino
50.8%
Who originally fronted 'Herman's Hermits'?
Peter Noone
46%
Question
Answer
% Correct
What was the 1962 space-
age instrumental hit by the Tornados?
Telstar
37.9%
Who was nicknamed 'The Big O'?
Roy Orbison
34.7%
Who wrote and sang the novelty hit 'Hello Muddah, Hello Fadduh', about Camp Granada?
Allan Sherman
29.8%
Who had sang the hit song 'Little Old Wine Drinker Me'?
Dean Martin
29%
Which comedian's recordings featured telephone routines about King Kong and the introduction of Tobacco?
Bob Newhart
26.6%
Who were the backing singers on most of Elvis Presley's early hits?
The Jordanaires
21.8%
What's the name of the motorbiker who dies in the Shangri-
Las' hit 'The Leader of the Pack'?
Jimmy
21%
The 1956 inaugural Eurovision Song Contest featured Belgium, France, Germany, Luxembourg, Netherlands, Italy and which other country?
Switzerland
19.4%
Larry Adler played what instrument?
Harmonica
17.7%
What was Chuck Berry's first hit record?
Maybellene
7.3%
Quiz Playlist
Details
Report
Send in Message
Add To Playlist
More Info:
For the over-50s only!
Classic:
Type in answers that appear in a list
Last Updated: Feb 16, 2017
Quiz Scoreboard
CHALLENGE
Sign Up to Join the Scoreboard
Show All
Scores
Hide
Comments
May contain spoilers
Recently Published
Movies - When Are They Set?
by FPL_Elf
Movies
5m
Popular People in 1961
by mucciniale
History
6m
1-10 Letter E Words III
by El_Dandy
Language
2m
More to Explore
Quiz From the Vault
Featured Blog Post
Where Did the Easter Bunny Come From?
hide this ad
You Might Also Like...
Tags
Baby
Boomer
Today's Top Quizzes in Music
Browse Music
hide this ad
Today's Top Quizzes in Baby
Browse Baby
Top Contributed Quizzes in Music
1
Taylor Swift All Songs (2024)
2
2010s Album by Cover III
3
One Thing in Common: Music
4
Guess the Artist- 70s Songs
5
Taylor Swift Logic Puzzle
6
Guess the Taylor Swift song (Mystery Song)
7
2010s Album by Cover IV
8
2010s Album by Cover V
9
KPOP LOGIC QUIZ
10
2010s Album by Cover VI
Explore More
Trending Topics
Crossword
Disney
Harry Potter
Kpop
Marvel
NBA
Anime
WWE
Song
Puzzle
Soccer
Pokémon
The Office
Country
NFL
hide this ad
More By:
zeller
Quiz
Plays
Rating
Category
Featured
Created
Planet by Your Weight
116,352
3.35
Science
Nov 5, 2009
Dingbats
5,533
3.06
Just For Fun
Dec 8, 2009
Scrabble Names of US Presidents
4,079
4.16
Miscellaneous
Nov 11, 2009
Pompeii - would YOU survive?
3,712
2.66
History
Dec 24, 2010
A Question of Sport (UK)
3,234
4.00
Television
Nov 10, 2009
Go to Creator's Profile
Score Distribution
Quiz Creator Spotlight
zeller
Follow
Send a Message
Quizzes Created
-
Created Quiz Play Count
-
More By This Creator
Popular Quizzes Today
1
Find the Countries of Europe - No Outlines Minefield
2
Find the US States - No Outlines Minefield
3
The Countries of the World
4
Popular People in 1961
5
1-10 Letter E Words III
6
US States
7
Find the US States
8
One Thing in Common: World Cities II
More Music Quizzes
Just Another K-Pop Crossword
Quiz Lab
Trending Quizzes
Risky Map Clicking: Least Populous States A-Z
Humor Books: The Subtitles
1-10 Letter F Words
1-10 Letter G Words
One Thing in Common: United Kingdom
Recently Updated
Leaping Animals
pecheneg
Reality TV Shows (A-Z)
bhenderson79
Rickey Henderson's Hall of Fame Teammates
pecheneg
Champions League XIs: Arsenal
pecheneg
Quick Pick: Celebrities in WWE's Hall of Fame
aduchscher
A-Z Keypad Blitz II
pecheneg
Multiple Oscar Actors
pecheneg
Mystery Phrase Blitz: Oscar 'Best Actors'
pecheneg
F. Scott Fitzgerald Novels
LTH
Pick 3 Villains
ddd62291
Trending Topics
Harry Potter
Marvel
Crossword
Kpop
Anime
Disney
NBA
WWE
Puzzle
Song
The Office
Pokémon
Soccer
NFL
Country
Your Account Isn't Verified!
In order to create a playlist on Sporcle, you need to verify the email address you used during registration. Go to your
Sporcle Settings
to finish the process.
Report this User
Report this user for behavior that violates our
Community Guidelines
.
Details:
Send Report
Go to the Sporcle.com Mobile Site →
Comments